000 00515cam a2200205ua 4500
001 8418
005 20260515114331.0
008 150129n ii |||gr||||Z||||||eng
020 _a9788179772201
040 _cMAIN
041 _aeng
082 _a820
100 _aMundra, J. N.,
_eAuthor.
245 1 _aSocial and literary history of England
_cBy J. N. Mundra
250 _a6th rev.
260 _aBareilly:
_bPrakash,
_c2010.
300 _axi,496p.
653 _aEnglish.& Old English literatures
942 _cBK
999 _c7521
_d7521